Matriculation history of England / (Record no. 159)
[ view plain ]
| 000 -LEADER | |
|---|---|
| fixed length control field | 00753nam a22002533 4500 |
| 001 - CONTROL NUMBER | |
| control field | 159 |
| 003 - CONTROL NUMBER IDENTIFIER | |
| rucl marc code | BD-RUcL |
| 005 - DATE AND TIME OF LATEST TRANSACTION | |
| control field | 20211208233125.0 |
| 008 - FIXED-LENGTH DATA ELEMENTS--GENERAL INFORMATION | |
| fixed length control field | 131116m19301953uk 001 0 eng d |
| 035 ## - SYSTEM CONTROL NUMBER | |
| System control number | OCLC pks04053484 from D970108K |
| -- | (BD-RUcL)172 |
| 040 ## - CATALOGING SOURCE | |
| Original cataloging agency | EQO |
| Transcribing agency | EQO |
| Language of cataloging | eng |
| Modifying agency | BD-RUcL |
| 041 ## - LANGUAGE CODE | |
| Language code of text/sound track or separate title | eng |
| 082 00 - DEWEY DECIMAL CLASSIFICATION NUMBER | |
| Edition number | 16 |
| Classification number | 941.067 |
| Author mark and year | SHM |
| 100 1# - MAIN ENTRY--PERSONAL NAME | |
| Personal name | Shearman, Harold C. |
| Fuller form of name | (Harold Charles) |
| 9 (RLIN) | 512 |
| 245 10 - TITLE STATEMENT | |
| Title | Matriculation history of England / |
| Statement of responsibility, etc. | H.C. Shearman and H. Plaskitt. |
| 250 ## - EDITION STATEMENT | |
| Edition statement | 2nd ed. |
| 260 ## - PUBLICATION, DISTRIBUTION, ETC. (IMPRINT) | |
| Place of publication, distribution, etc. | London., |
| Date of publication, distribution, etc. | 1950 [REPRINTED 1953] |
| 300 ## - PHYSICAL DESCRIPTION | |
| Pagination | xv, 347p. ; |
| Illustrations | ill.; |
| Size | 12 cm. |
| 504 ## - BIBLIOGRAPHY, ETC. NOTE | |
| Bibliography, etc | Includes Index |
| 526 ## - STUDY PROGRAM INFORMATION NOTE | |
| Program name | History |
| Requested Dept. | History |
| 651 ## - SUBJECT ADDED ENTRY--GEOGRAPHIC NAME | |
| Source of heading or term | LCSH |
| Geographic name | Great Braitain history |
| 9 (RLIN) | 859 |
| 700 1# - ADDED ENTRY--PERSONAL NAME | |
| Personal name | Plaskitt, H. |
| 942 ## - ADDED ENTRY ELEMENTS (KOHA) | |
| Source of classification or shelving scheme | Dewey Decimal Classification |
| Koha item type | Books |
| Lost status | Source of classification or shelving scheme | Damaged status | Not for loan | Collection code | Permanent Location | Current Location | Shelving location | Date acquired | Source of acquisition | Cost, normal purchase price | Total Checkouts | Full call number | Date last seen | Copy number | Koha item type |
|---|---|---|---|---|---|---|---|---|---|---|---|---|---|---|---|
| Dewey Decimal Classification | Non-fiction | Central Library, University of Rajshahi | Central Library, University of Rajshahi | 01/08/1955 | O. U. P. | 6.00 | 942 SHM 1953 | 09/11/2013 | C-3 | Books |